000
00343pab a2200145 454500
008
180718b1986 xxu||||| |||| 00| 0 eng d
100
_a
Lakdawala, D.T.
245
_a
Budget and Seventh Plan
260
_c
1986
300
_a
657-60
362
_a
12 Apr.
650
_a
Budget - India
773
_a
Economic and Political Weekly
909
_a
4770
999
_c
4770
_d
4770